Vista normal Vista MARC

Entrada Corporate Name

Número de registros utilizados en: 1

001 - CONTROL NUMBER

  • control field: 3742

003 - CONTROL NUMBER IDENTIFIER

  • control field: OSt

005 - DATE AND TIME OF LATEST TRANSACTION

  • control field: 20200429193259.0

008 - FIXED-LENGTH DATA ELEMENTS

  • fixed length control field: 200429|| aca||aabn | a|a d

040 ## - CATALOGING SOURCE

  • Original cataloging agency: OSt
  • Transcribing agency: OSt

110 ## - HEADING--CORPORATE NAME

  • Corporate name or jurisdiction name as entry element: Colombia. Comisión Económica para América Latina

670 ## - SOURCE DATA FOUND

  • Source citation: Work cat.: (OSt)3902: Colombia. Comisión Económica para América Latina, Autonomía de las mujeres e igualdad en la agenda de desarrollo sostenible / , 2016